Zarzadzanie i marketing 12 problemy teorii i praktyki marketingu

Salvato in:
Dettagli Bibliografici
Altri autori: Mazurek-Lopacinska, Krystyna
Natura: Libro
Lingua:polacco
Pubblicazione: Wroclaw Wydawnictwo Akademii Ekonomicznej im. Oskara Langego we Wroclawiu 1999
Serie:Prace naukowe nr. 824
Soggetti:
Tags: Aggiungi Tag
Nessun Tag, puoi essere il primo ad aggiungerne!!

MARC

LEADER 00000nam a2200000 4500
001 c122862
005 20221221084019.6
022 |a 0324-8445, 1426-8604 
041 0 |a pol 
044 |a PL 
245 1 0 |a Zarzadzanie i marketing 12  |b problemy teorii i praktyki marketingu  |c Redaktor naukowy: Krystyna Mazurek-Lopacinska 
264 1 |a Wroclaw  |b Wydawnictwo Akademii Ekonomicznej im. Oskara Langego we Wroclawiu  |c 1999 
300 |a 146 s. 
490 1 |a Prace naukowe nr. 824 
830 0 |a Prace naukowe nr. 824 
610 2 0 |a riadenie 
610 2 0 |a marketing 
610 2 0 |a podnik 
610 2 0 |a trh 
610 2 0 |a komunikácia 
610 2 0 |a organizácie neziskové 
610 2 0 |a služby obyvateľstvu 
610 2 0 |a ceny 
610 2 0 |a reklama 
610 2 0 |a televízia 
610 2 0 |a agroturistika 
610 2 0 |a podnik malý 
610 2 0 |a podnik stredný 
610 2 0 |a obchod 
610 2 0 |a Poľsko 
700 1 |a Mazurek-Lopacinska, Krystyna